Statistics for Fast and Furious Cars

Click here to take the quiz!

General Stats

  • This quiz has been taken 849 times
    (828 since last reset)
  • The average score is 8 of 12

Answer Stats

Answer% Correct
Toyota Supra
90%
Dodge Charger
87%
Nissan Skyline
87%
Dodge Challenger
75%
Ford Mustang
75%
Mazda rx7
74%
Nissan 350z
69%
Honda s2000
63%
Mitsubishi Eclipse
62%
Ford Escort
39%
Ramp Car
23%
Chevy Monte Carlo
7%

Score Distribution

Percentile by Number Answered

Percent of People with Each Score

Your Score History

You have not taken this quiz since the last reset